|
|
|
|
| LEADER |
00000cam a2200000 i 4500 |
| 003 |
Ucuenca |
| 005 |
20230308230125.0 |
| 006 |
a||||gr|||| 001 | |
| 007 |
ta |
| 008 |
950111s1964 sp gr|||| 001|| spa a |
| 040 |
|
|
|b spa
|a UCuenca-cdrjbv
|c UCuenca
|e rda
|
| 041 |
0 |
|
|a spa
|
| 082 |
0 |
|
|2 22
|a 189
|c 350424
|
| 245 |
0 |
0 |
|a Confesiones/
|c Lorenzo Riber, traductor.
|
| 250 |
|
|
|a Séptima edición.
|
| 264 |
|
1 |
|a Madrid:
|b Aguilar, S.A.,
|c 1964.
|
| 300 |
|
|
|a 800 páginas:
|c 14 cm
|
| 336 |
|
|
|2 rdacontent
|a texto
|b txt
|
| 337 |
|
|
|2 rdamedia
|a no mediado
|b n
|
| 338 |
|
|
|2 rdacarrier
|a volumen
|b nc
|
| 504 |
|
|
|a incl. bibind.
|
| 650 |
1 |
7 |
|2 UCuenca-cdrjbv
|9 7494
|a Filosofía medieval
|
| 700 |
1 |
|
|9 251342
|a Riber, Lorenzo.
|d 1882-1958
|e traductor
|
| 852 |
|
|
|a UC-CDJBV
|
| 942 |
|
|
|c BK
|2 ddc
|z luz.vázquez@ucuenca.edu.ec
|r bladimir.cabrerar@ucuenca.edu.ec
|
| 999 |
|
|
|c 155349
|d 155349
|